5/ Calendrier de l'Avent - Eliminations - Autour de Noël - 2 - Statistiques

Statistiques générales
  • Ce quiz a été pris 285 fois
  • Le résultat moyen est 9 sur 20
Statistiques - réponses
Groupe # Catégorie % Correct
Green 13 Région de France
95%
Blue 27 Pays de la communauté européenne
82%
Blue 21 ... dont le nom commence par une consonne
81%
Blue 13 ... qui a une voyelle en 2e lettre
78%
Blue 5 ... situé entièrement au nord de l'Allemagne
74%
Blue 1 … le nom de sa capitale commence par un H Finlande
70%
Green 2 ... en deux mots
66%
Pink 9 Un des rennes du Père Noël
53%
Green 1 ...au sud de la Loire et qui voit passer la Garonne
52%
Pink 6 ... dont le nom contient au moins 3 voyelles
39%
Pink 5 ... et 4 consonnes
35%
Green 1 ... un département de celle-ci initiale G
26%
Pink 2 ... avec un O en 2e lettre
17%
Pink 1 ...qui aurait pu s'appeler Cyclone ou Ouragan Tornade
16%
Yellow 13 Compositeur français né au XIXe ayant écrit pour Noël
15%
Yellow 10 ... dont le prénom commence par une consonne
15%
Yellow 4 ... qui a un a comme 2e lettre de son prénom
12%
Yellow 2 ... tout comme un a en 2e lettre de son nom
12%
Yellow 1 ... dont le nom et le prénom font 12 lettres Maurice Ravel
12%
Green 1 ... 4e plus grande ville de ce département Libourne
6%
Aucun quiz correspondant
Distribution des résultats
% des personnes avec chaque résultat
Percentile par nombre de réponses
Votre historique - résultats
Vous n’avez pas pris ce quiz